[Event "Gibraltar Masters"]
[Site "Catalan Bay ENG"]
[Date "2004.01.31"]
[Round "5"]
[White "Arakhamia,K"]
[Black "Rowson,J"]
[Result "0-1"]
[WhiteElo "2435"]
[BlackElo "2547"]

1.e4 c5 2.Nf3 d6 3.d4 cxd4 4.Nxd4 Nf6 5.Nc3 a6 6.f3 e6 7.Be3 h5 8.Qd2 Nbd7
9.O-O-O b5 10.Kb1 Bb7 11.Bd3 Be7 12.Rhe1 Rc8 13.Bg1 Ne5 14.f4 Nc4 15.Bxc4 Rxc4
16.e5 dxe5 17.fxe5 Nd5 18.Ne4 O-O 19.Qe2 Qa5 20.Nd6 Bxd6 21.exd6 Qb4 22.Nb3 Qxd6
23.Qxh5 Rfc8 24.c3 b4 25.cxb4 Qxb4 26.Qe5 Rc2 27.g3 Qg4 28.Qd4 Qg6 29.Qd3 Qh5
30.a3 R2c3 31.bxc3 Rxc3 32.Qd2 Rxb3+ 33.Ka2 Qf3 34.Bc5 Rb5 35.Be3 Nb6 36.Rb1 Bd5+
37.Ka1 Nc4 38.Qc3 Rxb1+ 39.Kxb1 Qg2 40.Bf4 Qxh2 41.a4 Qf2 42.Bc1 a5 43.g4 f6
44.Rd1 Qe2 45.Rd4 Nd6 46.Qb2 Qa6 47.g5 fxg5 48.Bxg5 Qf1+ 49.Bc1 Nf5 50.Rf4 Qd3+
51.Qc2 Qh3 52.Bb2 Ne3 53.Qc8+ Kh7 54.Qc1 Qg3 55.Be5 Qg6+ 56.Kb2 Qg2+ 57.Kc3 Qe2
58.Qb1+ Kh6 59.Qc1 Nd1+ 60.Kd4 g5 61.Bg7+ Kxg7 62.Qc7+ Kh6 63.Rf6+ Kh5  0-1

[Event "TCh-FRA Nat1 GpB"]
[Site "Cannes FRA"]
[Date "2004.02.01"]
[Round "3"]
[White "Shchekachev,A"]
[Black "Kosten,A"]
[Result "1/2-1/2"]
[WhiteElo "2520"]
[BlackElo "2507"]

1.Nf3 c5 2.e4 d6 3.d4 Nf6 4.Nc3 cxd4 5.Nxd4 a6 6.f3 e5 7.Nb3 Be6 8.Be3 Nbd7
9.g4 b5 10.g5 b4 11.Ne2 Nh5 12.Qd2 a5 13.Ng3 Nf4 14.Bxf4 exf4 15.Qxf4 Qb6
16.Qd2 g6 17.Qd4 Bxb3 18.Qxb6 Nxb6 19.cxb3 Bg7 20.O-O-O Ke7 21.f4 a4 22.Kb1 axb3
23.axb3 Ra5 24.Rc1 Rha8 25.Rc7+ Kf8 26.Rc6 Ra2 27.e5 Nd5 28.Bb5 Ra1+ 29.Kc2 Rxh1
30.Nxh1 dxe5 31.fxe5 Bxe5 32.Rc5 Rd8 33.Ng3 Ne3+ 34.Kb1 Rd1+ 35.Ka2 Rd5 36.Rxd5 Nxd5
37.Nf1 Bf4 38.Bc4 Ne7 39.Kb1 Bxg5 40.Kc2 Nc6 41.Kd3 f5 42.Bd5 Ne5+ 43.Kd4 Bf6
44.Kc5 Be7+ 45.Kd4 Ng4 46.h3 Nf2 47.Bg2 f4 48.Nd2 Kf7 49.Ne4 Bf6+ 50.Kc4 Nxe4
51.Bxe4 Be7 52.Kd3 Kf6 53.Bd5 Kg5 54.Bg8 h6 55.Bf7 Kh4 56.Bxg6 Kxh3 57.Bh5 Bf6
58.Ke4 Kg3 59.Bd1 Bxb2 60.Bh5 Bc1 61.Bd1 Kf2 62.Bh5 Be3 63.Bg4 Ke1 64.Kd3 Kf2
65.Ke4 Kg3 66.Bd1 Kh4 67.Be2 h5 68.Kf5 Bc1 69.Ke4 Kg5 70.Kf3 Kf5 71.Bf1 Ke5
72.Bh3 Kd4  1/2-1/2

[Event "9th HIT Open"]
[Site "Nova Gorica SLO"]
[Date "2004.02.02"]
[Round "5"]
[White "Gombac,Jan"]
[Black "Szeberenyi,A"]
[Result "0-1"]
[WhiteElo "2269"]
[BlackElo "2450"]

1.e4 c5 2.Nf3 d6 3.d4 cxd4 4.Nxd4 Nf6 5.Nc3 a6 6.f3 e5 7.Nb3 Be6 8.Be3 Nbd7
9.g4 b5 10.g5 b4 11.Ne2 Nh5 12.Qd2 a5 13.Ng3 Nxg3 14.hxg3 a4 15.Nc1 Qa5 16.f4 g6
17.Bg2 Bg7 18.O-O exf4 19.Bd4 Bxd4+ 20.Qxd4 Qe5 21.Qxe5 dxe5 22.gxf4 exf4
23.Nd3 Ra5 24.Rxf4 Rxg5 25.Nxb4 O-O 26.Nd5 Ne5 27.b3 f5 28.Raf1 Rf7 29.c4 Kg7
30.exf5 gxf5 31.R4f2 axb3 32.axb3 Ng6 33.Nf4 Nxf4 34.Rxf4 Kf6 35.Kf2 Ra7
36.Bf3 Ra2+ 37.Ke3 Ke5 38.Rh4 Rb2 39.Bd1 Rg3+ 40.Rf3 Rg1 41.Rd4 Re1+  0-1

[Event "AS04 Centenary"]
[Site "Copenhagen DEN"]
[Date "2004.02.13"]
[Round "7"]
[White "Mortensen,E"]
[Black "De Firmian,N"]
[Result "1/2-1/2"]
[WhiteElo "2450"]
[BlackElo "2523"]

1.e4 c5 2.Nf3 d6 3.d4 cxd4 4.Nxd4 Nf6 5.Nc3 a6 6.f3 e5 7.Nb3 Be6 8.Be3 Nbd7
9.g4 Nb6 10.g5 Nh5 11.Qd2 Be7 12.O-O-O Rc8 13.Kb1 O-O 14.Rg1 g6 15.Nd5 Nxd5
16.exd5 Bf5 17.Bd3 Bxd3 18.Qxd3 Qd7 19.h4 f6 20.Nd2 fxg5 21.hxg5 b5 22.Rc1 Qb7
23.c4 bxc4 24.Rxc4 Rxc4 25.Qxc4 Rc8 26.Qd3 Rb8 27.b3 a5 28.a4 Bd8 29.Rc1 Bb6
30.Rc6 Bxe3 31.Qxe3 Ng7 32.Ka2 Nf5 33.Qc3 Nd4 34.Rxd6 Rc8 35.Qxa5 Kg7 36.Qb6 Rc2+
37.Ka3 Qxb6 38.Rxb6 Rxd2 39.a5 Rd1 40.a6 Kf8 41.d6 Ke8 42.Kb2 Rd2+ 43.Ka3 Rd1  1/2-1/2

[Event "Bundesliga 2003-4"]
[Site "Hamburg GER"]
[Date "2004.02.14"]
[Round "8"]
[White "Pelletier,Y"]
[Black "Kempinski,R"]
[Result "1-0"]
[WhiteElo "2587"]
[BlackElo "2577"]

1.e4 c5 2.Nf3 d6 3.d4 cxd4 4.Nxd4 Nf6 5.Nc3 a6 6.f3 e5 7.Nb3 Be6 8.Be3 Be7
9.Qd2 O-O 10.O-O-O Nbd7 11.g4 Qc7 12.Kb1 Rfc8 13.Qf2 b5 14.g5 Nh5 15.h4 Rcb8
16.f4 exf4 17.Bxf4 Nxf4 18.Qxf4 Nb6 19.Nd5 Bxd5 20.exd5 a5 21.Nd4 Nxd5 22.Qe4 Nb4
23.Nxb5 Qd7 24.c3 Nc6 25.Bh3 Qb7 26.a4 Qb6 27.h5 Ne5 28.g6 hxg6 29.hxg6 Nxg6
30.Qxg6  1-0

[Event "Aeroflot Open"]
[Site "Moscow RUS"]
[Date "2004.02.22"]
[Round "6"]
[White "Bacrot,E"]
[Black "Berkes,F"]
[Result "0-1"]
[WhiteElo "2664"]
[BlackElo "2602"]

1.e4 c5 2.Nf3 d6 3.d4 cxd4 4.Nxd4 Nf6 5.Nc3 a6 6.f3 e6 7.Be3 b5 8.g4 Nfd7
9.Qd2 Nb6 10.O-O-O N8d7 11.Qf2 Bb7 12.Bd3 Rc8 13.Nce2 Qc7 14.Kb1 d5 15.Ng3 Nc4
16.Bxc4 bxc4 17.exd5 Bxd5 18.Nde2 Qb7 19.Bd4 Rb8 20.Qe3 Bc5 21.Qc3 Bb4 22.Qe3 Bc5
23.Qc3 Bb4 24.Qe3 O-O 25.Rhf1 Bc5 26.Qc1 Bxd4 27.Rxd4 Ne5 28.Ne4 Nxf3 29.Rxf3 Bxe4
30.Re3 Bf3 31.Nc3 Rfc8 32.b3 cxb3 33.axb3 e5 34.Rd6 Bxg4 35.Kb2 Be6 36.Qd1 Qb4
37.Nd5 Bxd5 38.Qxd5 Rb5 39.Qd3 Qa5 40.Rh3 g6 41.Qe3 Qc7 42.Rd2 h5 43.Kb1 Qb6
44.Qh6 e4 45.Rg3 Rf5 46.Rd1 Qc6  0-1

[Event "ch-CZE w"]
[Site "Karlovy Vary CZE"]
[Date "2004.02.24"]
[Round "6"]
[White "Sikorova,O"]
[Black "Hodova,L"]
[Result "1-0"]
[WhiteElo "2244"]
[BlackElo "2078"]

1.e4 c5 2.Nf3 d6 3.d4 cxd4 4.Nxd4 Nf6 5.Nc3 a6 6.f3 e5 7.Nb3 Be6 8.g4 Qb6
9.Qe2 Nc6 10.Be3 Qc7 11.Qf2 b5 12.g5 Nd7 13.O-O-O b4 14.Nd5 Bxd5 15.exd5 Ne7
16.f4 exf4 17.Bxf4 Ng6 18.Bd3 Nge5 19.Nd4 Qc5 20.Bf5 Be7 21.Bxd7+ Nxd7 22.Qe2 Qxd5
23.Rhe1 Ne5 24.Nf5 Qc5 25.Qe4 Rc8 26.Nxe7 Kxe7 27.Bxe5 dxe5 28.Rd5  1-0

[Event "11th Metalis Open"]
[Site "Bizovac CRO"]
[Date "2004.02.26"]
[Round "1"]
[White "Fercec,N"]
[Black "Leskovar,V"]
[Result "1-0"]
[WhiteElo "2467"]
[BlackElo "2102"]

1.e4 c5 2.Nf3 d6 3.d4 cxd4 4.Nxd4 Nf6 5.Nc3 a6 6.f3 e5 7.Nb3 Be6 8.Be3 d5
9.exd5 Nxd5 10.Nxd5 Qxd5 11.Qxd5 Bxd5 12.O-O-O Bc6 13.Na5 Be7 14.Bc4 O-O
15.Bb6 Rc8 16.Kb1 Kf8 17.Rhe1 f6 18.Be6 Re8 19.c3 g6 20.Nxc6 bxc6 21.b4 Bxb4
22.cxb4 Rxe6 23.Rd8+ Re8 24.Red1 a5 25.Rxe8+ Kxe8 26.Rd8+ Ke7 27.bxa5 c5
28.Kc2 f5 29.Kd3 g5 30.g4 e4+ 31.fxe4 fxg4 32.Rh8 Kd6 33.Kc4 Kc6 34.e5 h5
35.e6 Kd6 36.Re8 h4 37.Bxc5+ Kc6 38.e7  1-0

[Event "11th Metalis Open"]
[Site "Bizovac CRO"]
[Date "2004.02.26"]
[Round "1"]
[White "Kalajzic,I"]
[Black "Palac,M"]
[Result "0-1"]
[WhiteElo "2131"]
[BlackElo "2566"]

1.e4 c5 2.Nf3 d6 3.d4 cxd4 4.Nxd4 Nf6 5.Nc3 a6 6.f3 e5 7.Nb3 Be6 8.Be3 Be7
9.Qd2 O-O 10.Nd5 Nxd5 11.exd5 Bf5 12.Bd3 Bxd3 13.Qxd3 Nd7 14.O-O f5 15.c4 a5
16.Rac1 b6 17.Nd2 Bg5 18.Nb1 Nc5 19.Qd2 Bxe3+ 20.Qxe3 Qh4 21.Na3 Rf6 22.Rc2 Re8
23.Nb5 Rh6 24.g3 Qh5 25.Re2 Rf6 26.f4 Qf7 27.Rfe1 h5 28.Nd4 h4 29.Nf3 hxg3
30.hxg3 Ne4 31.Rg2 Qh5 32.fxe5 dxe5 33.Nd2 Nd6 34.c5 bxc5 35.Qxc5 Rh6 36.Qe3 f4
37.Qf3 Qxf3 38.Nxf3 e4 39.Ng5 f3 40.Rc2 Re5 41.Nxf3 Reh5 42.Nh2 Rxd5 43.g4 Rd3
44.Rce2 Rh4 45.Re3 Rd5 46.Kg2 Kf7 47.R1e2 Kg6 48.Rh3 Rxh3 49.Kxh3  0-1

[Event "11th Metalis Open"]
[Site "Bizovac CRO"]
[Date "2004.02.26"]
[Round "2"]
[White "Zufic,M"]
[Black "Aleksic,R"]
[Result "0-1"]
[WhiteElo "2387"]
[BlackElo "2169"]

1.e4 c5 2.Nf3 d6 3.d4 cxd4 4.Nxd4 Nf6 5.Nc3 a6 6.f3 e5 7.Nb3 Be6 8.Be3 Be7
9.Qd2 O-O 10.O-O-O Nbd7 11.g4 b5 12.g5 Nh5 13.Nd5 Bxd5 14.exd5 Qc7 15.Na5 Nf4
16.Bxf4 exf4 17.h4 Ne5 18.Kb1 f6 19.Nc6 Nxc6 20.dxc6 Qxc6 21.Bh3 Ra7 22.Be6+ Kh8
23.Bd5 Qc5 24.Rde1 Rc7 25.b4 Qa7 26.Qxf4 fxg5 27.Rxe7  0-1

[Event "20th Open"]
[Site "Cappelle la Grande FRA"]
[Date "2004.03.04"]
[Round "7"]
[White "Paleologu,V"]
[Black "Battaglini,G"]
[Result "0-1"]
[WhiteElo "2131"]
[BlackElo "2385"]

1.e4 c5 2.Nf3 d6 3.d4 cxd4 4.Nxd4 Nf6 5.Nc3 a6 6.f3 e5 7.Nb3 Be6 8.Be3 Be7
9.g4 O-O 10.Qd2 d5 11.Bc5 d4 12.Bxe7 Qxe7 13.Ne2 Nc6 14.Ng3 Rac8 15.g5 Nd7
16.Bd3 g6 17.h4 Nb4 18.Nc1 Bc4 19.Bxc4 Rxc4 20.c3 dxc3 21.bxc3 Nc6 22.Nce2 Nc5
23.Rd1 Rd8 24.Qc2 Nd4 25.Qb1 Nxf3+ 26.Kf2 Nd2 27.Qb6 Ndxe4+ 28.Nxe4 Nxe4+
29.Kg2 Nd6 30.Rd5 Rc6 31.Qb4 Rc4 32.Qb6 Rc6 33.Qb4 Re8 34.Rhd1 Nf5 35.Qe4 Rc4
36.Qd3 Rxh4 37.Rd7 Qxg5+  0-1

[Event "70th ch-BLR"]
[Site "Minsk BLR"]
[Date "2004.03.11"]
[Round "8"]
[White "Kolesnik,E"]
[Black "Zhigalko,A"]
[Result "1/2-1/2"]
[WhiteElo "2406"]
[BlackElo "2491"]

1.e4 c5 2.Nf3 d6 3.d4 cxd4 4.Nxd4 Nf6 5.Nc3 a6 6.f3 e6 7.Be3 Be7 8.Qd2 Nc6
9.g4 O-O 10.O-O-O Nxd4 11.Bxd4 b5 12.g5 Nd7 13.h4 Qc7 14.h5 b4 15.Ne2 Ne5
16.Ng1 a5 17.f4 Nc4 18.Qh2 Bb7 19.Bd3 e5 20.g6 h6 21.b3 exd4 22.Bxc4 Bxe4
23.gxf7+ Rxf7 24.Rxd4 d5 25.Rxe4 dxe4 26.Ne2 Bf6 27.Qg2 Kh8 28.Qxe4 Rff8
29.Bd3 g5 30.hxg6 Bg7 31.Rh4 Rfd8 32.f5 a4 33.f6 axb3 34.fxg7+ Qxg7 35.axb3 Rac8
36.Qe3 Kg8 37.Rxh6 Qa1+ 38.Kd2 Rc6 39.Qe7 Rxc2+ 40.Kxc2 Qa2+ 41.Kc1 Qa3+
42.Kd2 Qb2+ 43.Ke1 Qa1+ 44.Kd2 Rxd3+ 45.Kxd3 Qd4+ 46.Kc2 Qd2+  1/2-1/2

[Event "ch-VIE"]
[Site "Dalat City VIE"]
[Date "2004.03.17"]
[Round "8"]
[White "Cao Sang"]
[Black "Nguyen Huynh Minh H"]
[Result "1-0"]
[WhiteElo "2488"]
[BlackElo "2188"]

1.e4 c5 2.Nf3 d6 3.d4 cxd4 4.Nxd4 Nf6 5.Nc3 a6 6.f3 e6 7.Be3 Nbd7 8.Qd2 b5
9.g4 Nb6 10.O-O-O Bb7 11.Qf2 Nfd7 12.Kb1 Rc8 13.Nce2 Qc7 14.Ng3 d5 15.f4 dxe4
16.Bg2 Nc5 17.Nb3 Nc4 18.Bxc5 e3 19.Bxe3 Nxe3 20.Qxe3 Qxc2+ 21.Ka1 Qxg2 22.f5 Be7
23.Rhg1 Qf3 24.Qa7 Bf6 25.Nd4 Qd5 26.Nxe6 Qe5 27.Nd4 O-O 28.Qxb7  1-0

[Event "TCh-BEL 2003-4"]
[Site "Belgium BEL"]
[Date "2004.03.23"]
[Round "11"]
[White "Dgebuadze,A"]
[Black "Wemmers,X"]
[Result "1/2-1/2"]
[WhiteElo "2552"]
[BlackElo "2337"]

1.e4 c5 2.Nf3 d6 3.d4 cxd4 4.Nxd4 Nf6 5.Nc3 a6 6.f3 Qb6 7.a4 Nc6 8.Nb3 e6
9.a5 Qc7 10.Bf4 Be7 11.Qd2 O-O 12.Be2 Qd8 13.Na4 e5 14.Be3 Be6 15.c4 Nd7
16.O-O Nc5 17.Nc1 Nd4 18.Bxd4 exd4 19.Nb6 Rb8 20.Qxd4 Bf6 21.Qd2 Be5 22.Rb1 f5
23.f4 Nxe4 24.Qe3 Bf6 25.Bf3 Qc7 26.Bxe4 fxe4 27.Nb3 Rbe8 28.Kh1 Bf7 29.Rfd1 Kh8
30.Rd2 h6 31.Rbd1 Bh5 32.Rc1 Qf7 33.Nd5 Bd8 34.Rf2 Bg4 35.Qc3 Be6 36.Rd1 Bg4
37.Re1 Bf5 38.Nd4 Bh7 39.Ne3 Qh5 40.b4 Bf6 41.Qd2 Rc8 42.Ne6 Rfe8 43.f5 Be5
44.Nf4 Qf7 45.g3 Rc6 46.Nfd5 Bg8 47.Rc1 Rec8 48.Nb6 Re8 49.Nbd5 Rec8 50.Nb6 Re8
51.Nbd5 Rec8  1/2-1/2

[Event "5th ch-EURw"]
[Site "Dresden GER"]
[Date "2004.03.25"]
[Round "5"]
[White "Gaponenko,I"]
[Black "Dworakowska,J"]
[Result "1/2-1/2"]
[WhiteElo "2430"]
[BlackElo "2370"]

1.e4 c5 2.Nf3 d6 3.d4 cxd4 4.Nxd4 Nf6 5.Nc3 a6 6.f3 e5 7.Nb3 Be6 8.Be3 Be7
9.Qd2 O-O 10.O-O-O Nbd7 11.g4 Qc7 12.h4 b5 13.h5 b4 14.Nd5 Bxd5 15.exd5 a5
16.g5 a4 17.Na1 a3 18.gxf6 axb2+ 19.Kxb2 Qa5 20.Bc4 Bxf6 21.Kb1 Rfc8 22.Bb3 Rc3
23.Rhg1 Nb6 24.Bxb6 Qxb6 25.Rg4 g6 26.hxg6 hxg6 27.Re1 Bg7 28.Rc4 Rxf3 29.Rxb4 Qd8
30.Qg2 Rf4 31.Rbe4 Rxe4 32.Rxe4 f5 33.Rc4 Qf6 34.c3 e4 35.Nc2 Re8 36.Ba4 Rb8+
37.Bb3 Re8 38.Ba4 Rb8+ 39.Bb3  1/2-1/2

[Event "IV Open"]
[Site "Dos Hermanas ESP"]
[Date "2004.04.02"]
[Round "9"]
[White "Korneev,O"]
[Black "Villavicencio,A"]
[Result "0-1"]
[WhiteElo "2566"]
[BlackElo "2331"]

1.e4 c5 2.Nf3 d6 3.d4 cxd4 4.Nxd4 Nf6 5.Nc3 a6 6.f3 e5 7.Nb3 Be6 8.Be3 Be7
9.Qd2 Nbd7 10.g4 O-O 11.O-O-O b5 12.g5 Nh5 13.Kb1 Rc8 14.Rg1 Nb6 15.Qf2 Nc4
16.Bxc4 bxc4 17.Nc5 g6 18.N5a4 Rb8 19.Ka1 Nf4 20.Bxf4 exf4 21.Qd2 Bxg5 22.Qxd6 Qxd6
23.Rxd6 Be7 24.Rxa6 Rfd8 25.Rg2 Rd4 26.Kb1 Rbd8 27.Kc1 Bh4 28.Re2 Bh3 29.Nd5 Bf1
30.Nac3 Bxe2 31.Nxe2 R4xd5 32.exd5 Rxd5 33.Nc3 Rg5 34.Ra8+ Kg7 35.Re8 Rg1+
36.Kd2 Rf1 37.Re4 Rxf3 38.Rxc4 Rh3 39.b4 f3 40.Nd1 Bg5+ 41.Ke1 Rxh2 42.a4 Rh1+
43.Kf2 Rxd1 44.a5 Ra1 45.Kxf3 h5 46.Rd4 Be7 47.c3 Ra3 48.Ke4 Rxc3 49.b5 f5+
50.Ke5 Bf6+ 51.Kd5 Bxd4 52.Kxd4 Ra3 53.a6 h4 54.Kc5 h3 55.b6 h2 56.b7 h1=Q  0-1

[Event "TCh-CZE Extraliga 2003-4"]
[Site "Czech Rep CZE"]
[Date "2004.04.03"]
[Round "10"]
[White "Socko,B"]
[Black "Sobek,J"]
[Result "0-1"]
[WhiteElo "2556"]
[BlackElo "2316"]

1.e4 c5 2.Nf3 d6 3.d4 cxd4 4.Nxd4 Nf6 5.Nc3 a6 6.f3 Nc6 7.Be3 e6 8.Qd2 Nxd4
9.Qxd4 Be7 10.O-O-O O-O 11.g4 Nd7 12.h4 Ne5 13.Be2 b5 14.h5 Nc6 15.Qd2 Qa5
16.h6 g6 17.a3 b4 18.Nb1 Rb8 19.axb4 Nxb4 20.Bc4 e5 21.c3 Na2+ 22.Bxa2 Qxa2
23.Rh2 Be6 24.f4 Bxg4 25.Rf1 Qc4 26.Qg2 Bd7 27.f5 Bc6 28.Nd2 Qd3 29.Rh3 Rxb2
30.Kxb2 Rb8+ 31.Nb3 Ba4 32.fxg6 fxg6 33.Bc5 Rxb3+ 34.Ka1 Qc4 35.Bb4 a5 36.Rb1 Rxb1+
37.Kxb1 axb4 38.cxb4 Bc6 39.Qa2 Bxe4+ 40.Kb2 Bd5 41.Qxc4 Bxc4 42.Ra3 d5 43.Ra8+ Kf7
44.Rh8 Bxb4 45.Rxh7+ Kg8 46.Rg7+ Kh8 47.Rxg6 e4 48.Re6 Kh7 49.Kc2 Bf8 50.Kc3 Bxh6
51.Re7+ Bg7+ 52.Kd2 Kg6 53.Rd7 d4 54.Rc7 Be6 55.Ke1 Be5 56.Rc6 Kf5 57.Kf2 Bd5
58.Rc5 e3+ 59.Ke1 Ke4  0-1

[Event "Open ch-NOR"]
[Site "Oslo NOR"]
[Date "2004.04.07"]
[Round "5"]
[White "Solberg,J"]
[Black "Hersvik,A"]
[Result "1/2-1/2"]
[WhiteElo "2174"]
[BlackElo "2007"]

1.e4 c5 2.Nf3 d6 3.d4 cxd4 4.Nxd4 Nf6 5.Nc3 a6 6.f3 e6 7.Be3 Qc7 8.Qd2 Be7
9.O-O-O O-O 10.g4 Nc6 11.Bd3 Nd7 12.Kb1 Nde5 13.Qf2 b5 14.Nxc6 Qxc6 15.Rhg1 Bb7
16.Ne2 Rac8 17.Nd4 Qc7 18.f4 Nc4 19.g5 Qa5 20.f5 Qb4 21.Nb3 exf5 22.exf5 Nxe3
23.Qxe3 Rfe8 24.f6 Bf8 25.Qh3 g6 26.Rg4 Rc4 27.Bxc4 bxc4 28.a3 Qb5 29.Nd4 Qe5
30.Rh4 Qxg5 31.Rxh7 Qxf6 32.Nf5 Re5 33.Nh6+ Bxh6 34.Rxh6 Rb5 35.c3 Be4+ 36.Ka1 Bf5
37.Qg3 Bd3 38.Re1 Re5 39.Rh4 a5 40.Rd4 Kg7 41.Ka2 Qe6 42.Rg1  1/2-1/2

[Event "Open ch-NOR"]
[Site "Oslo NOR"]
[Date "2004.04.10"]
[Round "8"]
[White "Solberg,J"]
[Black "Stam,B"]
[Result "1-0"]
[WhiteElo "2174"]
[BlackElo "2053"]

1.e4 c5 2.Nf3 d6 3.d4 cxd4 4.Nxd4 Nf6 5.Nc3 a6 6.f3 e6 7.Be3 Be7 8.Qd2 Qc7
9.O-O-O Nc6 10.g4 h6 11.h4 Ne5 12.Kb1 Bd7 13.Bd3 O-O-O 14.Qf2 Kb8 15.Nb3 Qc8
16.Bb6 Rdg8 17.Be2 Bc6 18.Na5 Ned7 19.Be3 Qc7 20.Nxc6+ Qxc6 21.g5 hxg5 22.hxg5 Ne8
23.f4 Nc7 24.Bd4 f6 25.gxf6 Bxf6 26.Bxf6 Nxf6 27.Rxh8 Rxh8 28.Bf3 d5 29.Qg2 dxe4
30.Nxe4 Nfd5 31.Qxg7 Rh4 32.f5 exf5 33.Qf8+ Ka7 34.Nd6 Ne6 35.Qxf5 Qxd6 36.Bxd5 Rd4
37.Rxd4 Nxd4 38.Qe4 Nc6 39.a3 Qc5 40.c3 Qg1+ 41.Ka2 Kb6 42.Qc4 Qg6 43.a4 Ka7
44.Qc5+ Ka8 45.Qb6 Kb8 46.Bxc6 Qxc6 47.Qxc6 bxc6 48.Kb3 a5 49.Kc4 Kc8 50.Kc5 Kc7
51.b4 axb4 52.cxb4 Kb7 53.a5  1-0

[Event "ch-HUN U20"]
[Site "Budapest HUN"]
[Date "2004.04.11"]
[Round "7"]
[White "Szabo,K"]
[Black "Berczes,D"]
[Result "0-1"]
[WhiteElo "2336"]
[BlackElo "2293"]

1.e4 c5 2.Nf3 d6 3.d4 cxd4 4.Nxd4 Nf6 5.Nc3 a6 6.f3 Qb6 7.Nb3 e6 8.g4 Be7
9.Qe2 Qc7 10.Be3 b5 11.O-O-O b4 12.Na4 Nbd7 13.Qf2 Rb8 14.Nd4 Nc5 15.Nxc5 dxc5
16.Nb3 c4 17.Nd2 c3 18.Nc4 Nd7 19.b3 a5 20.e5 O-O 21.f4 a4 22.f5 axb3 23.cxb3 Bb7
24.Rg1 Bd5 25.f6 Bc5 26.Bd3 g6 27.Qh4 Bxe3+ 28.Nxe3 Qa7 29.Nc2 Qxa2 30.Rdf1 Nc5
31.Rg3 Nxd3+ 32.Rxd3 Bxb3 33.Rf2 Bxc2  0-1

[Event "Open ch-NOR"]
[Site "Oslo NOR"]
[Date "2004.04.11"]
[Round "9"]
[White "Solberg,J"]
[Black "Sousa,H"]
[Result "0-1"]
[WhiteElo "2174"]
[BlackElo "2096"]

1.e4 c5 2.Nf3 d6 3.d4 cxd4 4.Nxd4 Nf6 5.Nc3 a6 6.f3 e6 7.Be3 b5 8.Qd2 Nbd7
9.O-O-O Bb7 10.g4 h6 11.h4 b4 12.Nce2 d5 13.exd5 Nxd5 14.Nf4 Rc8 15.Ndxe6 fxe6
16.Nxe6 Qf6 17.Bxa6 b3 18.axb3 Bb4 19.Qd3 Ne5 20.Qe4 Nxe3 21.Bb5+ Kf7 22.Qxe3 Ra8
23.Kb1 Rhc8 24.Nd4 Qe7 25.g5 Bc3 26.Ba4 Bxb2 27.Qf4+ Kg8 28.Nb5 Rc4 29.Qd2 Rcxa4
30.bxa4 Nc4 31.Qe1 Rxa4 32.c3 Qf8 33.Qe6+ Kh8 34.g6 Bc8 35.Qxc4 Rxc4 36.Nd6 Bf5+
37.Kxb2 Qb8+ 38.Kc1 Rxc3+ 39.Kd2 Qb2+ 40.Ke1 Re3+ 41.Kf1 Rxf3+ 42.Kg1 Qf2+  0-1

[Event "ACP Blitz Prelim2"]
[Site "playchess.com INT"]
[Date "2004.04.13"]
[Round "6"]
[White "Erenburg,S"]
[Black "Shomoev,A"]
[Result "1-0"]
[WhiteElo "2513"]
[BlackElo "2487"]

1.e4 c5 2.Nf3 d6 3.d4 cxd4 4.Nxd4 Nf6 5.Nc3 a6 6.f3 e6 7.Be3 Nc6 8.Qd2 Be7
9.O-O-O O-O 10.g4 Nxd4 11.Bxd4 b5 12.g5 Nd7 13.h4 Qc7 14.Kb1 Bb7 15.g6 fxg6
16.Bh3 e5 17.Be6+ Kh8 18.h5 gxh5 19.Be3 Nf6 20.Bg5 b4 21.Bxf6 bxc3 22.Bxg7+ Kxg7
23.Rdg1+ Kh8 24.Qh6 Bf6 25.Rxh5 Qe7 26.Rgh1 Bxe4 27.fxe4 Ra7 28.Bf5 Rf7 29.Bxh7 Rxh7
30.Qg6 Qg7 31.Rxh7+ Qxh7 32.Qxf6+ Kg8 33.Qd8+ Kg7 34.Rxh7+ Kxh7 35.bxc3 Rb7+
36.Kc1  1-0

[Event "ACP Blitz Prelim2"]
[Site "playchess.com INT"]
[Date "2004.04.13"]
[Round "8"]
[White "Erenburg,S"]
[Black "Ghaem Maghami,E"]
[Result "0-1"]
[WhiteElo "2513"]
[BlackElo "2558"]

1.e4 c5 2.Nf3 d6 3.d4 cxd4 4.Nxd4 Nf6 5.Nc3 a6 6.f3 e5 7.Nb3 Be7 8.Be3 Be6
9.Qd2 O-O 10.g4 d5 11.exd5 Nxd5 12.Nxd5 Bxd5 13.Be2 Nc6 14.O-O-O Nb4 15.Nc5 Qa5
16.a3 Bxc5 17.Bxc5 Qxc5 18.axb4 Qf2 19.Rdf1 Qg2 20.Rfg1 Qf2 21.Rf1 Qg2 22.Qxd5 Qxe2
23.Re1 Qg2 24.Rhg1 Qf2 25.Rgf1 Qb6 26.Qc5 Qh6+ 27.Qe3 Qe6 28.Qxe5 Qa2 29.Qa5 Qc4
30.Kb1 Rac8 31.Rf2 Rfe8 32.Rd1 Qc6 33.h3 b6 34.Qd5 Re1 35.Qd2 Ree8 36.Qd3 Qa4
37.Rfd2 Qxb4 38.Qxa6 h6 39.Rd4 Qc5 40.Qd3 Qe5 41.Re4 Qa5 42.Rxe8+ Rxe8 43.Qd5 Qa6
44.Qb3 Ra8 45.Qa3 Qxa3 46.bxa3 Rxa3 47.Rd8+ Kh7 48.f4 Rxh3 49.Rd7 Rh4 50.f5 Rxg4
51.Rxf7 Rf4 52.Kc1 h5 53.Kd2 h4 54.Ke3 Rc4 55.Kf3 Rxc2 56.Kg4 Rc4+ 57.Kh3 Rf4
58.Rb7 Rxf5 59.Rxb6 g5 60.Kg4 Re5 61.Kh5 Kg7 62.Kg4 Kf7 63.Ra6 Re6 64.Ra7+ Kf6
65.Ra5 Re4+ 66.Kh5 Re5 67.Ra6+ Kf5 68.Ra8 Kf4 69.Rf8+ Rf5 70.Ra8 h3 71.Ra3 g4+  0-1

[Event "ACP Blitz Prelim2"]
[Site "playchess.com INT"]
[Date "2004.04.13"]
[Round "14"]
[White "Erenburg,S"]
[Black "Naiditsch,A"]
[Result "1-0"]
[WhiteElo "2513"]
[BlackElo "2571"]

1.e4 c5 2.Nf3 d6 3.d4 cxd4 4.Nxd4 Nf6 5.Nc3 a6 6.f3 e5 7.Nb3 Be6 8.Be3 Nbd7
9.Qd2 b5 10.O-O-O Be7 11.g4 Nb6 12.Qf2 Nfd7 13.Nd5 Bxd5 14.exd5 Nc4 15.Kb1 Nxe3
16.Qxe3 Qb6 17.Qe1 a5 18.Nd2 O-O 19.Bd3 Nc5 20.Ne4 Nxd3 21.Rxd3 b4 22.h4 a4
23.Qe3 Qxe3 24.Rxe3 f5 25.gxf5 Rxf5 26.a3 Rb8 27.Ka2 g6 28.b3 axb3+ 29.Rxb3 Ra8
30.Rh3 bxa3 31.Rxa3 Rxa3+ 32.Kxa3 h5 33.Kb4 Rf4 34.Kb5 Rf8 35.Kc6 Kf7 36.Nxd6+ Bxd6
37.Kxd6 Rc8 38.Rh2 Kf6 39.Re2 Rc4 40.Rxe5 Rxc2 41.Re4 Kf5 42.Ke7 Rc7+ 43.Kd8 Rc3
44.d6 Rxf3 45.Rd4 Ke5 46.Rd1 g5 47.d7 Rf8+ 48.Ke7 Rh8 49.hxg5 Kf5 50.Rd5+ Kg6
51.d8=Q Rxd8 52.Kxd8  1-0

[Event "ACP Blitz Prelim3"]
[Site "playchess.com INT"]
[Date "2004.04.14"]
[Round "5"]
[White "Fressinet,L"]
[Black "Belov,Vl"]
[Result "0-1"]
[WhiteElo "2638"]
[BlackElo "2543"]

1.e4 c5 2.Nf3 d6 3.d4 cxd4 4.Nxd4 Nf6 5.Nc3 a6 6.f3 e6 7.Be3 b5 8.Qd2 Nbd7
9.O-O-O Bb7 10.g4 Nb6 11.Nb3 Nfd7 12.Na5 Rb8 13.Nxb7 Rxb7 14.Qf2 Be7 15.h4 O-O
16.Kb1 Qb8 17.Bg5 f6 18.Bc1 Rc8 19.Ne2 e5 20.g5 Rbc7 21.Bh3 Rxc2 22.Be6+ Kh8
23.Bb3 R2c7 24.Be3 Nc4 25.Ng3 Bf8 26.g6 Nc5 27.Bxc5 Rxc5 28.gxh7 a5 29.Rc1 a4
30.Bc2 Qc7 31.Ne2 Nd2+ 32.Ka1 Rxc2 33.Rxc2 Qxc2 34.h5 a3 35.bxa3 Ra8 36.Rc1 Nb3+  0-1

[Event "It"]
[Site "Indjija SCG"]
[Date "2004.04.15"]
[Round "5"]
[White "Grujic,Z"]
[Black "Gralka,J"]
[Result "1-0"]
[WhiteElo "2391"]
[BlackElo "2289"]

1.e4 c5 2.Nf3 d6 3.d4 cxd4 4.Nxd4 Nf6 5.Nc3 a6 6.f3 e5 7.Nb3 Be6 8.Be3 Nbd7
9.Qd2 Be7 10.g4 Nb6 11.g5 Nh5 12.O-O-O Rc8 13.Kb1 O-O 14.Rg1 g6 15.Qf2 Nc4
16.Bxc4 Bxc4 17.Nd5 Bxd5 18.Rxd5 Qe8 19.Na5 b5 20.Qd2 f6 21.gxf6 Nxf6 22.Rd3 Qd7
23.Bg5 Ne8 24.h4 Bxg5 25.Qxg5 Qg7 26.Nb3 Qf6 27.Qg4 Rc7 28.Nc1 Qf4 29.Qh3 Rcf7
30.Ne2 Qh6 31.Rg5 Kh8 32.a3 Rf6 33.Rg4 Ng7 34.Nc3 Nh5 35.Nd5 Nf4 36.Nxf4 Rxf4
37.Rxf4 Qxf4 38.h5 gxh5 39.Qxh5 Qf6 40.Rc3 Qg6 41.Qh4 Qg1+ 42.Ka2 Qg8+ 43.b3 Qe6
44.Rc7 Qg6 45.Qh3 Rf7 46.Rc6 Qf6 47.Qg4 Rf8 48.Rc7 Qg6 49.Qh3 Rf7 50.Rc6 Qf6
51.Rxa6 Qxf3 52.Qh4 Qf6 53.Qg4 Rf8 54.Qd7  1-0

[Event "ACP Blitz Final"]
[Site "playchess.com INT"]
[Date "2004.04.17"]
[Round "1.3"]
[White "Grischuk,A"]
[Black "Belov,Vl"]
[Result "0-1"]
[WhiteElo "2719"]
[BlackElo "2543"]

1.e4 c5 2.Nf3 d6 3.d4 cxd4 4.Nxd4 Nf6 5.Nc3 a6 6.f3 e6 7.Be3 b5 8.g4 h6 9.Qd2 Nbd7
10.O-O-O Ne5 11.a3 Bb7 12.Kb1 Rc8 13.Be2 Nfd7 14.f4 Nc4 15.Bxc4 Rxc4 16.Rhe1 Be7
17.Bf2 O-O 18.h4 Nc5 19.g5 h5 20.b3 Rxc3 21.Qxc3 Nxe4 22.Qe3 Qa5 23.Rd3 g6
24.Kb2 Rc8 25.Ra1 Bf8 26.Be1 Qc7 27.Rc1 Bg7 28.Kb1 d5 29.Nf3 Nc5 30.Rdd1 Ne4
31.Rd3 Bc6 32.Ne5 Be8 33.Qd4 Nd6 34.Bb4 Nf5 35.Qf2 d4 36.Rxd4 Nxd4 37.Qxd4 Rd8
38.Qc3 Qb7 39.Re1 Rc8 40.Qd4 Bc6 41.Re2 Bd5 42.Rd2 Qc7 43.Qd3 a5 44.Qxb5 axb4
45.Qxb4 Bxe5 46.fxe5 Qxe5 47.Qd4 Qe1+ 48.Kb2 Be4 49.a4 e5 50.Qd7 Bf5 51.Qd6 e4
52.Qh2 e3 53.Re2 Qc3+ 54.Ka2 Bxc2  0-1

[Event "ACP Blitz Final"]
[Site "playchess.com INT"]
[Date "2004.04.17"]
[Round "4.3"]
[White "Svidler,P"]
[Black "Najer,E"]
[Result "0-1"]
[WhiteElo "2733"]
[BlackElo "2606"]

1.e4 c5 2.Nf3 d6 3.d4 cxd4 4.Nxd4 Nf6 5.Nc3 a6 6.f3 e6 7.Be3 b5 8.g4 h6 9.Qd2 Nbd7
10.O-O-O Bb7 11.h4 b4 12.Na4 d5 13.Bh3 dxe4 14.g5 hxg5 15.hxg5 exf3 16.gxf6 Nxf6
17.Qd3 Be4 18.Qb3 Bd5 19.Qd3 Be4 20.Qf1 Qa5 21.b3 Rc8 22.Qf2 g6 23.Bxe6 Rxh1
24.Bxc8 Rxd1+ 25.Kxd1 Bg7 26.Kc1 Qh5 27.Qe1 Nd5 28.Bf2 Qe5 29.Bxa6 g5 30.Nc5 Nc3
31.Bb5+ Nxb5 32.Qxe4 Qxe4 33.Nxe4 Bxd4 34.Bxd4 Nxd4 35.Kd2 f5 36.Nf2 g4 37.Ke3 g3
38.Nh3 f2 39.Nxf2 Nxc2+ 40.Kf3 gxf2 41.Kxf2 Ke7  0-1

[Event "ACP Blitz Final"]
[Site "playchess.com INT"]
[Date "2004.04.17"]
[Round "4.1"]
[White "Svidler,P"]
[Black "Najer,E"]
[Result "1-0"]
[WhiteElo "2733"]
[BlackElo "2606"]

1.e4 c5 2.Nf3 d6 3.d4 cxd4 4.Nxd4 Nf6 5.Nc3 a6 6.f3 e5 7.Nb3 Be7 8.Be3 O-O
9.g4 Be6 10.g5 Nh5 11.Qd2 b5 12.O-O-O b4 13.Nd5 Bxd5 14.Qxd5 Nd7 15.Rg1 a5
16.Kb1 a4 17.Nd2 Qc7 18.Bb5 Nc5 19.Nc4 Rfc8 20.Nxd6 Bxd6 21.Qxd6 Qb7 22.Bc4 b3
23.Bxc5 bxc2+ 24.Kxc2  1-0